000 00570nam a2200193Ia 4500
001 22427
003 GE_BSU
008 181216s||||||||xx |||||||||||||| ||und||
040 _cGE_BSU
245 _aПсихология обучения, №3 Март, 2018.
245 _cГл. ред. Т. Н. Березина и др.
260 _aМосква
260 _c2018
300 _a162 стр. 24 см.
653 _aПериодика
653 _aПсихология обучения, №3 Март, 2018.
653 _aპერიოდიკა
942 _cCR
999 _c55349
_d55349